1898 1337 1743 1595 1723 1069 1053 1647 1265 1197 1348 1803 1469 1981 1707 1092 1462 1587 1308 1116 1051 1112 1770 1251 1390 1055 1624 1676 1198 1979 1113 1510 1499 1782 1277 1838 1083 1434 1711 1888 1134 1839 1802 1852 1171 1905 1901 1861 1510 1206 1540 1116 1996 1477 1237 1807 1308 1129 1160 1109 1811 1617 1427 1110 1120 1725 1362 1283 1393 1063 1125 1000 1516 1542 1111 1009 1665 1633 1103 1029 1061 1884 1596 1782 1928 1619 1715 1485 1750 1909 1680 1783 1543 1436 1160 1871 1220 1646 1922 BCNSPRNW ULIB Ver.6.0+V

เปลี่ยนเป็นภาษาไทย

Change to English
 แสดงรายละเอียดบรรณานุกรม
  กลับหน้าหลัก

Brief Record : Get Marc (ISO 2709) : E-mail record : QR code < ปิดหน้าต่าง
LEADER : 00000nam 2200000uu 4500
001    13399126596
003     ULIB
008    020711s2560 th a 000 0 tha d
020    ู^a9786164280458
050    ^aN745.925^bช373พ
100    ^aชัยเกียรติ ศรีอ่อนจันทร์ และคณะ
245    ^aพื้นฐานงานใบตอง (ฉบับสุดคุ้ม)/^cชัยเกียรติ ศรีอ่อนจันทร์ และคณะ
260    ^aกรุงเทพฯ :^bวาดศิลป์,^c2560
300    ^a64 หน้า;^b26 ซม.
650    ^aการประดิษฐ์ด้วยใบตอง
650    ^aใบตอง
945    ^p80^l0^i004791
999    ^aประนอม เกษจรัล
รายการนี้ยังไม่มีแท็ก
คุณยังไม่ได้ล็อกอิน คุณสามารถมีกิจกรรมร่วมกับเว็บไซต์ได้ แต่ต้องล็อกอินก่อน ::
  ล็อกอิน

รายการสื่อสารสนเทศ

ลำดับที่ ประเภท เลขเรียก/บาร์โค้ด สถานที่ สถานะ
1. การศึกษาทั่วไป
การศึกษาทั่วไป
N745.925 ช373พ ฉ.1 
  Barcode: 004791
ห้องสมุดวิทยาเขตสวรรค์ประชารักษ์
►หนังสือทั่วไป
บนชั้น

รายการใกล้เคียง
    ผู้แต่ง [ชัยเกียรติ ศรีอ่อนจันทร์ และคณะ]

    หัวเรื่อง [การประดิษฐ์ด้วยใบตอง]
    หัวเรื่อง [ใบตอง]

BibComment


ยังไม่เคยถูกคอมเมนท์

คอมเมนท์ทรัพยากรรายการนี้
  คอมเมนท์: พื้นฐานงานใบตอง ..


 Copyright 2026. Bcnsprnw @Library